Macleod's Clinical Examination (Record no. 363)

MARC details
000 -LEADER
fixed length control field 00553nam a22002057a 4500
003 - CONTROL NUMBER IDENTIFIER
control field OSt
005 - DATE AND TIME OF LATEST TRANSACTION
control field 20191003105425.0
008 - FIXED-LENGTH DATA ELEMENTS--GENERAL INFORMATION
fixed length control field 140902b xxu||||| |||| 00| 0 eng d
020 ## - INTERNATIONAL STANDARD BOOK NUMBER
International Standard Book Number 0443048568
040 ## - CATALOGING SOURCE
Transcribing agency DDC
082 ## - DEWEY DECIMAL CLASSIFICATION NUMBER
Classification number WB 5 M225j 1995
100 ## - MAIN ENTRY--PERSONAL NAME
Personal name Edited by John, F. Munro; Edwards, C.R.W.
9 (RLIN) 12971
245 ## - TITLE STATEMENT
Title Macleod's Clinical Examination
250 ## - EDITION STATEMENT
Edition statement 9th ed.
260 ## - PUBLICATION, DISTRIBUTION, ETC. (IMPRINT)
Place of publication, distribution, etc. London:
Name of publisher, distributor, etc. Churchill Livingstone;
Date of publication, distribution, etc. 1995
300 ## - PHYSICAL DESCRIPTION
Extent 379 p :
Other physical details col.ill ;
Dimensions 27 cm.
504 ## - BIBLIOGRAPHY, ETC. NOTE
Bibliography, etc Includes Index
650 ## - SUBJECT ADDED ENTRY--TOPICAL TERM
Topical term or geographic name as entry element Medicine MQCs
9 (RLIN) 324
942 ## - ADDED ENTRY ELEMENTS (KOHA)
Source of classification or shelving scheme Other/Generic Classification Scheme
Koha item type Book Bank
Holdings
Withdrawn status Lost status Source of classification or shelving scheme Damaged status Not for loan Home library Current library Date acquired Source of acquisition Inventory number Total Checkouts Full call number Barcode Date last seen Koha item type Date last checked out
    Other/Generic Classification Scheme     MUST Main Library MUST Main Library 02/09/2014 Donation 9026   WB18 M225j 1995 2014-2443 02/09/2014 Book Bank  
    Other/Generic Classification Scheme     MUST Main Library MUST Main Library 02/09/2014 Donation 9003   WB18 M225j 1995 2014-2444 02/09/2014 Book Bank  
    Other/Generic Classification Scheme     MUST Main Library MUST Main Library 02/09/2014 Donation 9023   WB18 M225j 1995 2014-2445 02/09/2014 Book Bank  
    Other/Generic Classification Scheme     MUST Main Library MUST Main Library 02/09/2014 Donation 326 1 WB 5 M225j 1995 2014-2446 12/04/2023 Book Bank 13/01/2023
    Other/Generic Classification Scheme     MUST Main Library MUST Main Library 02/09/2014 Donation 9000   WB18 M225j 1995 2014-2447 02/09/2014 Book Bank  
    Other/Generic Classification Scheme     MUST Main Library MUST Main Library 02/09/2014 Donation 8984   WB18 M225j 1995 2014-2448 02/09/2014 Book Bank  
    Other/Generic Classification Scheme     MUST Main Library MUST Main Library 02/09/2014 Donation 9018   WB18 M225j 1995 2014-2449 02/09/2014 Book Bank  
    Other/Generic Classification Scheme     MUST Main Library MUST Main Library 02/09/2014 Donation 8988   WB18 M225j 1995 2014-2450 02/09/2014 Book Bank  
    Other/Generic Classification Scheme     MUST Main Library MUST Main Library 02/09/2014 Donation 312   WB18 M225j 1995 2014-2451 02/09/2014 Book Bank  
    Other/Generic Classification Scheme     MUST Main Library MUST Main Library 02/09/2014 Donation 8995 1 WB18 M225j 1995 2014-2452 21/01/2021 Book Bank 02/12/2020
    Other/Generic Classification Scheme     MUST Main Library MUST Main Library 01/07/2016 Purchase 8993   WB18 M225j 1995 2016-2955 01/07/2016 Open Shelf  
    Other/Generic Classification Scheme     MUST Main Library MUST Main Library 03/10/2019 Donation 333   WB18 M225j 1995 2019-0508 03/10/2019 Open Shelf